| 000 | 00394nam a2200157Ia 4500 | ||
|---|---|---|---|
| 008 | 230312s9999||||xx |||||||||||||| ||und|| | ||
| 020 | _a81-775-8261-1 | ||
| 082 |
_a658.406 _bFRE-O |
||
| 100 | _aFrench,Wendell.L | ||
| 245 | 0 | _aOrganizational Development | |
| 260 |
_bPearsons _aindia _c2009 |
||
| 300 | _a236 | ||
| 546 | _aEng. | ||
| 650 |
_aManagement _vOrganization Development |
||
| 942 | _cBK | ||
| 999 |
_c6485 _d6485 |
||